Quiz - L'Attaque des Titans / SNK - Statistiques

Statistiques générales
  • Ce quiz a été pris 6 988 fois
  • Le résultat moyen est 23 sur 40
Statistiques - réponses
Information Réponse % Correct
Les 9 Titans Primordiaux Titan Colossal
95%
Mikasa ou Livaï Ackerman
90%
Les 9 Titans Primordiaux Titan Cuirassé
90%
Les 9 Titans Primordiaux Titan Bestial
89%
Les 9 Titans Primordiaux Titan Féminin
88%
Les 9 Titans Primordiaux Titan Charette
87%
Les 9 Titans Primordiaux Titan Marteau d'Armes
87%
Les 3 Murs Mur Maria
85%
Les 9 Titans Primordiaux Titan Assaillant
85%
Les 9 Titans Primordiaux Titan Mâchoire
84%
Les 9 Titans Primordiaux Titan Originel
82%
Les 3 Murs Mur Rose
78%
Les 3 Corps d'Armée Le Bataillon d'exploration
74%
Les 3 Murs Mur Sina
69%
Eren, Grisha ou Sieg Jäger
67%
District d'origine d'Eren Shiganshina
67%
Criminel et oncle de Livaï Kenny Ackerman
66%
Erwin Smith
64%
Évènement apocalyptique provoqué par Eren et Sieg Grand Terrassement
63%
Reiner ou Gaby Braun
57%
Les 3 Corps d'Armée La Garnison
56%
Hansi Zoe
50%
Sasha Braus
49%
Annie Leonhart
49%
Identité prise par Historia Christa Lenz
47%
Mère d'Eren Carla Jäger
45%
Commandant de la garnison Dot Pixis
45%
Connie Springer
45%
Les 3 Corps d'Armée Les Brigades spéciales
41%
Armin Arlert
39%
Bertolt Hoover
34%
Père d'Historia et ancien roi des murs Rhodes Reiss
32%
Mère de Sieg Dina Fritz
31%
Jean Kirstein
31%
Camp d'Eldiens dans lequel Paradis lance son offensive contre Mahr Revelio
26%
Village natal de Connie dans lequel des titans ont été transformé par Sieg Ragako
21%
Maréchal de l'armée de Mahr Theo Magath
21%
Dirigeant de l'ensemble des Corps d'Armées Daris Zackley
15%
Falco Gleis
14%
Noble auteur du discours déclarant la guerre à "Paradis" Willy Teyber
11%
Aucun quiz correspondant
Distribution des résultats
% des personnes avec chaque résultat
Percentile par nombre de réponses
Votre historique - résultats
Vous n’avez pas pris ce quiz